000 00956nam a2200241Ia 4500
001 17106
003 GE_BSU
008 181216s||||||||xx |||||||||||||| ||und||
040 _cGE_BSU
080 _a396(479.22) + 94(479.22)
100 _aარდაშელია, ციალა
245 _aსაუნჯე სათნოებისა
245 _bქართველი ქალები-თამარ მეფე, ქეთევან დედოფალი და სხვ
245 _cრედ.მ.სოხაძე
260 _aთბილისი
260 _bნაკადული
260 _c1986
300 _a147გვ. ; 20სმ.
653 _aისტორია
653 _aსაუნჯე სათნოებისა
653 _aქართველი ქალები-თამარ მეფე, ქეთევან დედოფალი და სხვ.
942 _cBK
999 _c50168
_d50168